Statistics for Biggest Cities in France Quiz

Click here to take the quiz!

General Stats

  • This quiz has been taken 80,121 times
    (67,527 since last reset)
  • The average score is 10 of 20

Answer Stats

Population City % Correct
2,229,621Paris
100%
855,393Marseille
89%
500,715Lyon
88%
342,295Nice
81%
243,626Bordeaux
73%
458,298Toulouse
65%
275,718Strasbourg
61%
231,491Lille
58%
292,718Nantes
54%
272,084Montpellier
45%
153,003Dijon
42%
211,373Rennes
41%
182,592Reims
35%
160,215Grenoble
34%
172,074Le Havre
31%
172,023Saint-Étienne
28%
163,760Toulon
27%
150,564Nîmes
21%
150,125Angers
18%
147,192Villeurbanne
10%

Score Distribution

Percentile by Number Answered

Percent of People with Each Score

Your Score History

You have not taken this quiz since the last reset